Animals of Germany - Sudden Death - Statistics

General Stats
  • This quiz has been taken 47 times
  • The average score is 7 of 16
Answers on the Grid
Answers color-coded by a green-red scale on the quiz's grid according to % correct below.
Mallards
Herons
Ladybugs
Red Squirrels
Boars
Grebes
Gray Wolves
Gulls
Hedgehogs
Red Foxes
Beavers
Praying Mantises
Eagles
Rhinoceros Beetles
Cuckoos
Voles
Sea Lions
Bobcats
Polar Bears
Coyotes
Opossums
Reindeer
Skunks
Olms
Cobras
Gerbils
Fruit Bats
Wolverines
Groundhogs
Mongeese
Armadillos
Moray Eels
 
Answer Stats
Answer % Correct
Beavers
61%
Red Squirrels
61%
Red Foxes
58%
Ladybugs
55%
Boars
52%
Hedgehogs
52%
Eagles
45%
Cuckoos
42%
Voles
42%
Gulls
39%
Mallards
39%
Gray Wolves
36%
Herons
30%
Grebes
27%
Praying Mantises
24%
Rhinoceros Beetles
12%
No matching quizzes found
Score Distribution
Percent of People with Each Score
Percentile by Number Answered
Your Score History
You have not taken this quiz